Managerial Economics : Applications, Strategy, and Tactics (Record no. 3119)
[ view plain ]
| 005 - DATE AND TIME OF LATEST TRANSACTION | |
|---|---|
| control field | 20250603163229.0 |
| 020 ## - INTERNATIONAL STANDARD BOOK NUMBER | |
| International Standard Book Number | 0-324-22506-7 |
| 082 ## - DEWEY DECIMAL CLASSIFICATION NUMBER | |
| Classification number | T E A LECT 330.024 McGU |
| 100 ## - MAIN ENTRY--PERSONAL NAME | |
| Author name | McGUIGAN, J . R . |
| 245 ## - TITLE STATEMENT | |
| Title | Managerial Economics : Applications, Strategy, and Tactics |
| 250 ## - EDITION STATEMENT | |
| Edition statement | 10th Ed., |
| 260 ## - PUBLICATION, DISTRIBUTION, ETC. | |
| Place of publication, distribution, etc. | Australia, |
| Name of publisher, distributor, etc. | Thomson South- West, |
| Date of publication, distribution, etc. | 2005. |
| 300 ## - PHYSICAL DESCRIPTION | |
| Extent | xxi,899p.: ill.; figure, table, |
| Other physical details | index, |
| Dimensions | 26cm. |
| 700 ## - ADDED ENTRY--PERSONAL NAME | |
| Other authors/Editors | MOYER, R . C . & HARRIS, F . H .deB |
| 942 ## - ADDED ENTRY ELEMENTS (KOHA) | |
| Source of classification or shelving scheme | Dewey Decimal Classification |
| Koha item type | Books |
| Date last seen | Total checkouts | Full call number | Barcode | Cost, replacement price | Price effective from | Koha item type | Lost status | Source of classification or shelving scheme | Damaged status | Not for loan | Withdrawn status | Home library | Current library | Shelving location | Date acquired | Cost, normal purchase price |
|---|---|---|---|---|---|---|---|---|---|---|---|---|---|---|---|---|
| 06/28/2025 | 330 MCG | DOM0001858 | 448647.00 | 06/28/2025 | Books | Dewey Decimal Classification | CBE Dodoma | CBE Dodoma | General Collection | 04/22/2005 | 149549.00 | |||||
| 06/03/2025 | T E A LECT 330.024 McGU | 00000010965 | 448647.00 | 06/03/2025 | Books | Dewey Decimal Classification | College of Business Education Main Library | College of Business Education Main Library | General Collection | 04/22/2005 | 149549.00 | |||||
| 06/03/2025 | T E A LECT 330.024 McGU | 00000010966 | 448647.00 | 06/03/2025 | Books | Dewey Decimal Classification | College of Business Education Main Library | College of Business Education Main Library | General Collection | 04/22/2005 | 149549.00 | |||||
| 06/03/2025 | T E A LECT 330.024 McGU | 00000010967 | 448647.00 | 06/03/2025 | Books | Dewey Decimal Classification | College of Business Education Main Library | College of Business Education Main Library | General Collection | 04/22/2005 | 149549.00 | |||||
| 06/03/2025 | T E A LECT 330.024 McGU | 00000010968 | 448647.00 | 06/03/2025 | Books | Dewey Decimal Classification | College of Business Education Main Library | College of Business Education Main Library | General Collection | 04/22/2005 | 149549.00 |
